书目信息 |
| 题名: |
电机学
|
|
| 作者: | 赵君有 , 徐益敏 , 张玲 编 | |
| 分册: | ||
| 出版信息: | 北京 中国电力出版社 2009.01 |
|
| 页数: | 217页 | |
| 开本: | 26cm | |
| 丛书名: | ||
| 单 册: | ||
| 中图分类: | TM3 | |
| 科图分类: | ||
| 主题词: | 电机学--dian ji xue--高等教育--教材 | |
| 电子资源: | ||
| ISBN: | 978-7-5083-8136-7 | |
| 000 | 01100nam0 2200289 450 | |
| 001 | 012009121921 | |
| 005 | 20090808112646.85 | |
| 010 | @a978-7-5083-8136-7@dCNY22.80 | |
| 100 | @a20090808d2009 em y0chiy0120 ea | |
| 101 | 0 | @achi |
| 102 | @aCN@b110000 | |
| 105 | @aak a 000yy | |
| 106 | @ar | |
| 200 | 1 | @a电机学@Adian ji xue@f赵君有 ... [等] 编@Fzhao jun you...[deng]bian |
| 205 | @a第2版 | |
| 210 | @a北京@c中国电力出版社@d2009.01 | |
| 215 | @a217页@c图@d26cm | |
| 304 | @a题名页题 : 赵君有, 徐益敏, 张玲, 李建兴编 | |
| 320 | @a有书目 (第217页) | |
| 330 | @a全书分四篇共十三章,主要内容包括变压器、异步电机、同步电机和直流电机四大部分。其中以变压器、异步电机和同步电机为重点,侧重讨论分析电机的基本结构、运行原理、参数及运行性能,并根据需要增加一些电力系统中常见的电机运行内容。本教材力争做到概念准确、重点突出、简洁、通俗易懂。 | |
| 606 | 0 | @a电机学@Adian ji xue@x高等教育@j教材 |
| 690 | @aTM3@v4 | |
| 701 | 0 | @a赵君有@Azhao jun you@4编 |
| 701 | 0 | @a徐益敏@Axu yi min@4编 |
| 701 | 0 | @a张玲@Azhang ling@4编 |
| 801 | 0 | @aCN@bQSSK@c20090808 |
| 905 | @b750611-13@dTM3@eZ308@f3 | |
| 电机学/赵君有 ... [等] 编.-第2版.-北京:中国电力出版社,2009.01 |
| 217页:图;26cm |
| ISBN 978-7-5083-8136-7:CNY22.80 |
| 全书分四篇共十三章,主要内容包括变压器、异步电机、同步电机和直流电机四大部分。其中以变压器、异步电机和同步电机为重点,侧重讨论分析电机的基本结构、运行原理、参数及运行性能,并根据需要增加一些电力系统中常见的电机运行内容。本教材力争做到概念准确、重点突出、简洁、通俗易懂。 |
| ● |
| 相关链接 |
|
|
|
正题名:电机学
索取号:TM3/Z308
 
预约/预借
| 序号 | 登录号 | 条形码 | 馆藏地/架位号 | 状态 | 备注 |
| 1 | 750611 | 207506117 | 自科库301/301自科库 10排4列4层/ [索取号:TM3/Z308] | 在馆 | |
| 2 | 750612 | 207506126 | 自科二线404/404自科库 16排4列3层/ [索取号:TM3/Z308] | 在馆 | |
| 3 | 750613 | 207506135 | 自科库301/301自科库 10排4列4层/ [索取号:TM3/Z308] | 在馆 |